000
00286nam a22001337a 4500
003
SGT
020
_a
9788171323234
082
_a
371.9,PIL
100
_a
PILLAI,M.G.
245
_a
EXCEPTIONAL CHILDERN
260
_a
JAIPUR
_b
POINTER PUBLISHARS
_c
2023
300
_a
152
942
_2
ddc
_c
BK
999
_c
33654
_d
33654